|
|
|
|
| LEADER |
00000nam0a2200000 4500 |
| 001 |
144400 |
| 005 |
20231101221107.0 |
| 010 |
|
|
|a 9785939726337
|
| 035 |
|
|
|a (RuTPU)RU\TPU\book\156490
|
| 090 |
|
|
|a 144400
|
| 100 |
|
|
|a 20081002d2007 km y0rusy50 ca
|
| 101 |
0 |
|
|a rus
|
| 102 |
|
|
|a RU
|
| 105 |
|
|
|a a z 001zy
|
| 200 |
1 |
|
|a Температурные режимы работающих скважин и тепловые методы добычи нефти
|f Б. М. Сучков
|
| 210 |
|
|
|a Москва
|c Регулярная и хаотическая динамика
|a Ижевск
|c Институт компьютерных исследований
|d 2007
|
| 215 |
|
|
|a 406 с.
|c ил.
|
| 225 |
1 |
|
|a Современные нефтегазовые технологии
|
| 320 |
|
|
|a Список использованной литературы: с. 401-405.
|
| 330 |
|
|
|a В мировой практике одним из основных способов разработки месторождений вязких нефтей является воздействие на пласт теплоносителем, в основном это водяной пар и горячая вода. Доставка теплоносителя в пласт производится по трубам. Поэтому изучение тепловых процессов, происходящих при добыче нефти, является основополагающим при разработке и применении тепловых методов воздействия на призабойную зону скважин и продуктивный пласт. В первом разделе книги автором достаточно подробно изложены результаты этих исследований, проведенных в разное время и на различных месторождениях. Результаты этих исследований, несомненно, помогли при разработке тепловых методов воздействия на призабойную зону скважин и методов теплового воздействия на нефтенасыщенные пласты. Второй раздел книги посвящен теплофизическим методам воздействия на призабойную зону пласта. Методы воздействия на призабойную зону применяются при необходимости: - удаления из призабойной зоны парафинов, смолы, асфальтенов и некоторых типов соли; - установить в пласте вокруг скважины такой тепловой режим, который исключил бы дальнейшее снижение нефтепроницаемости; - регулировать направление и интенсивность капиллярных и диффузионных сил. Наибольшее распространение получили циклический и стационарный электропрогрев, термоакустическое воздействие. Этим и другим методам воздействия и посвящена вторая часть книги. В третьем разделе книги приводится материал о характере парафиновых отложений в скважинах и методах их предотвращения. В четвертом разделе книги приводится материал по тепловым методам воздействия на пласт: паротепловое воздействие и воздействие горячей водой, использование электрической энергии для нагрева пласта, термополимерное воздействие, технология теплоциклического воздействия на пласт и другие тепловые методы, нашедшие применение в нефтепромысловой практике.
|
| 606 |
1 |
|
|a Нефтедобыча
|x Термический метод
|x Экономическая эффективность
|2 stltpush
|3 (RuTPU)RU\TPU\subj\45694
|9 64886
|
| 610 |
1 |
|
|a нефтяные скважины
|
| 610 |
1 |
|
|a температурные режимы
|
| 610 |
1 |
|
|a нефтяные пласты
|
| 610 |
1 |
|
|a призабойные зоны
|
| 610 |
1 |
|
|a теплофизические методы
|
| 610 |
1 |
|
|a парафиновые отложения
|
| 610 |
1 |
|
|a паротепловое воздействие
|
| 610 |
1 |
|
|a нагрев
|
| 610 |
1 |
|
|a горячая вода
|
| 610 |
1 |
|
|a электрическая энергия
|
| 610 |
1 |
|
|a термополимерное воздействие
|
| 610 |
1 |
|
|a теплоциклическое воздействие
|
| 610 |
1 |
|
|a нефтегазовые технологии
|
| 610 |
1 |
|
|a нефть
|
| 610 |
1 |
|
|a добыча
|
| 610 |
1 |
|
|a месторождения
|
| 675 |
|
|
|a 622.276.65
|v 3
|
| 700 |
|
1 |
|a Сучков
|b Б. М.
|g Борис Михайлович
|
| 801 |
|
1 |
|a RU
|b 63413507
|c 20081002
|g PSBO
|
| 801 |
|
2 |
|a RU
|b 63413507
|c 20140623
|g PSBO
|
| 900 |
|
|
|a Разработка нефтяных и газовых месторождений
|
| 900 |
|
|
|a Разработка нефтяных месторождений
|
| 942 |
|
|
|c BK
|
| 959 |
|
|
|a 86/20081002
|d 1
|e 1220,00
|f ЧЗТЛ:1
|